Whitehall steps up electronic upgrade (Record no. 75994)

MARC details
000 -LEADER
fixed length control field 01409cab a2200181 4500
001 - CONTROL NUMBER
control field ##L131234
008 - FIXED-LENGTH DATA ELEMENTS--GENERAL INFORMATION
fixed length control field 051010n2005 000 0 eng u
035 ## - SYSTEM CONTROL NUMBER
System control number (Sirsi) u131234
041 0# - LANGUAGE CODE
Language code of text/sound track or separate title eng
100 1# - MAIN ENTRY--PERSONAL NAME
Personal name Morris, Huw
245 00 - TITLE STATEMENT
Title Whitehall steps up electronic upgrade
260 3# - PUBLICATION, DISTRIBUTION, ETC.
Date of publication, distribution, etc. 2005
490 ## - SERIES STATEMENT
Series statement Planning (for the Natural and Built Environment)
Volume/sequential designation (1638) 30 September 2005, 14-17(3)
520 ## - SUMMARY, ETC.
Summary, etc. Investigates e-planning which is top of the modernising planning agenda and is at the centre of the Gershon drive for great public service efficiency and the local e-government strategy. Government has set e-targets for the key segments of the planning service and next year's planning delivery grant will be distributed largely according to how successfully local planning authorities have implemented online planning services. The e-planning strategy aims to benefit all of the planning system's stakeholders. Gives an overview of the planning system nationally, its throughput and the scale of costs associated with it. Describes government efforts to improve e-planning quality including the Planning Portal's self-assessment scheme for planning authorities and points to innovations arriving in the near future such as the single national planning application form.
590 ## - LOCAL NOTE (RLIN)
Local note IKA111005
690 ## - LOCAL SUBJECT ADDED ENTRY--TOPICAL TERM (OCLC, RLIN)
Topical term or geographic name as entry element ENVIRONMENTAL AND LAND CONSULTANCY-PLANNING AND DEVELOPMENT-PLANNING REFORM
942 ## - ADDED ENTRY ELEMENTS (KOHA)
Suppress in OPAC 0
Holdings
Withdrawn status Lost status Source of classification or shelving scheme Damaged status Not for loan Home library Current library Shelving location Date acquired Total Checkouts Full call number Barcode Date last seen Copy number Price effective from Koha item type
    Dewey Decimal Classification     London London Journal article 10/10/2005   L131234 131234-1001 06/08/2019 1 06/08/2019 Journal article